MESTSKÁ KNIŽNICA GIRALTOVCE  - online katalóg 

Základy manažérskej informatiky (Record no. 23255)

000 -NÁVESTIE
fixed length control field 01546nam a22004215a 4500
001 - EVIDENČNÉ ČÍSLO ZÁZNAMU - Kontrolné číslo
control field vtls010476428
005 - DÁTUM A ČAS POSLEDNEJ TRANSAKCIE
control field 20220615112901.0
008 - ÚDAJE S PEVNOU DĹŽKOU – VŠEOBECNÉ INFORMÁCIE
fixed length control field 150827s2009 xo 000 0 slo
020 ## - MEDZINÁRODNÉ ŠTANDARDNÉ ČÍSLO KNIHY (ISBN)
Medzinárodné štandardné číslo knihy (ISBN) 9788055500287 (brož.)
035 ## - Iný štandardný identifikátor
Iný štandardný identifikátor 44810B65-AE08-4430-B418-FA4DBB80EB3C
035 ## - Iný štandardný identifikátor
Iný štandardný identifikátor urn:nbn:sk:snk-amjm9x
035 ## - Iný štandardný identifikátor
Iný štandardný identifikátor urn:nbn:sk:snk-am001o3i
040 ## - ZDROJ KATALOGIZÁCIE
Pôvodná katalogizujúca agentúra SNK
Jazyk katalogizácie slo
Prepisujúca agentúra SNK
Konvencie popisu AACR2
041 0# - KÓD JAZYKA
Kód jazyka textu/zvukovej stopy alebo samostatných nápisov slo
044 ## - KÓD KRAJINY VYDAVATEĽA/PRODUCENTA
Kód krajiny MARC xo
Kód krajiny ISO SK
072 #7 - KÓD PREDMETOVEJ KATEGÓRIE
Kód predmetovej kategórie 004
Pododdiel kódu predmetovej kategórie Počítačová veda. Výpočtová technika. Informačné technológie
Zdroj konspekt
072 #7 - KÓD PREDMETOVEJ KATEGÓRIE
Kód predmetovej kategórie 005
Pododdiel kódu predmetovej kategórie Manažment. Riadenie
Zdroj konspekt
072 #7 - KÓD PREDMETOVEJ KATEGÓRIE
Kód predmetovej kategórie 37.016
Pododdiel kódu predmetovej kategórie Učebné osnovy. Vyučovacie predmety. Učebnice
Zdroj konspekt
-- konspekt
080 ## - ČÍSLO MEDZINÁRODNÉHO DESATINNÉHO TRIEDENIA (MDT)
Číslo Medzinárodného desatinného triedenia (MDT) 004
Identifikátor vydania 2001
080 ## - ČÍSLO MEDZINÁRODNÉHO DESATINNÉHO TRIEDENIA (MDT)
Číslo Medzinárodného desatinného triedenia (MDT) 005
Identifikátor vydania 2001
080 ## - ČÍSLO MEDZINÁRODNÉHO DESATINNÉHO TRIEDENIA (MDT)
Číslo Medzinárodného desatinného triedenia (MDT) (075.8)
Identifikátor vydania 2001
100 1# - OSOBNÉ MENÁ – VŠEOBECNÉ INFORMÁCIE
Osobné meno Rovňák, Martin
-- 3082
245 10 - NÁZOV
Názov Základy manažérskej informatiky
Údaj o zodpovednosti atď. Martin Rovňák
250 ## - ÚDAJ O PORADÍ VYDANIA
Údaj o poradí vydania 1. vyd.
260 ## - VYDAVATEĽSKÉ ÚDAJE, DISTRIBÚCIA ATĎ.
Miesto publikovania, distribúcie atď. Prešov
Názov vydavateľa, distibútora atď. Prešovská univerzita, Fakulta manažmentu
Dátum publikovania, distribúcie atď. 2009
300 ## - FYZICKÝ POPIS
Rozsah 70 s.
Ďalšie fyzické detaily fotogr., obr., tab.
Rozmery 24 cm
650 07 - PRIDANÝ VSTUP – PREDMET – TEMATICKÉ HESLO
Tematické heslo alebo geografický názov ako vstupný prvok manažment
Zdroj hesla alebo termínu SNKPH
-- 3083
650 07 - PRIDANÝ VSTUP – PREDMET – TEMATICKÉ HESLO
Tematické heslo alebo geografický názov ako vstupný prvok informatika
Zdroj hesla alebo termínu SNKPH
-- 3084
650 07 - PRIDANÝ VSTUP – PREDMET – TEMATICKÉ HESLO
Tematické heslo alebo geografický názov ako vstupný prvok výpočtová technika
Zdroj hesla alebo termínu SNKPH
-- 3085
650 07 - PRIDANÝ VSTUP – PREDMET – TEMATICKÉ HESLO
Tematické heslo alebo geografický názov ako vstupný prvok informačné a komunikačné technológie
Zdroj hesla alebo termínu SNKPH
-- 3086
650 07 - PRIDANÝ VSTUP – PREDMET – TEMATICKÉ HESLO
Tematické heslo alebo geografický názov ako vstupný prvok Management
Zdroj hesla alebo termínu SNKPHeng
-- 3087
650 07 - PRIDANÝ VSTUP – PREDMET – TEMATICKÉ HESLO
Tematické heslo alebo geografický názov ako vstupný prvok Information science
Zdroj hesla alebo termínu SNKPHeng
-- 3088
650 07 - PRIDANÝ VSTUP – PREDMET – TEMATICKÉ HESLO
Tematické heslo alebo geografický názov ako vstupný prvok Computer technology
Zdroj hesla alebo termínu SNKPHeng
-- 3089
650 07 - PRIDANÝ VSTUP – PREDMET – TEMATICKÉ HESLO
Tematické heslo alebo geografický názov ako vstupný prvok Information and communication technology
Zdroj hesla alebo termínu SNKPHeng
-- 3090
655 #7 - INDEXAČNÝ TERMÍN – ŽÁNER/FORMA
Údaje o žánri/forme alebo termín, ktorý je prvok fazety učebnice vysokých škôl
Zdroj termínu SNKPH
-- 3091
655 #7 - INDEXAČNÝ TERMÍN – ŽÁNER/FORMA
Údaje o žánri/forme alebo termín, ktorý je prvok fazety Textbooks (higher)
Zdroj termínu SNKPHeng
-- 3092
958 ## - Formálny deskriptor
Formálny deskriptor NB
Holdings
Stav stiahnutia (Blokovanie) (Withrawn status) Stav straty Zdroj klasifikácie pre skladovanie Stav poškodenia (Damaged status) Nie pre výpožičky (Not for loan) Spôsob nadobudnutia (Collection code) Trvalé umiestnenie Aktuálne umiestnenie Dátum nadobudnutia Inventárne číslo (prírastkové číslo) Celkom výpožičky Full call number Čiarový kód Dátum posledného výskytu Dátum poslednej výpôžičky Cena s účinnosťou od Typ jednotky Koha
          Dar Mestská knižnica Giraltovce Mestská knižnica Giraltovce 2022-06-15 21588 2 S1515 S1515 2023-05-02 2023-04-12 2022-06-15 Odborná literatúra pre dospelých

Powered by Koha